La entrevista motivacional. Ayudar a las personas a cambiar.
Сохранить в:
| Главный автор: | |
|---|---|
| Другие авторы: | , |
| Формат: | |
| Язык: | английский |
| Опубликовано: |
Barcelona, España:
Paidós,
2015.
|
| Редактирование: | 3a.edición. |
| Серии: | Paidós Psicología Psiquiatría Psicoterapia
|
| Предметы: | |
| Метки: |
Добавить метку
Нет меток, Требуется 1-ая метка записи!
|
MARC
| LEADER | 00000nam a22000007a 4500 | ||
|---|---|---|---|
| 003 | CL-VaPUC | ||
| 005 | 20220607112207.0 | ||
| 008 | 220523b2015 ||||| |||| 00| 0 eng d | ||
| 999 | |c 435694 |d 435692 | ||
| 020 | |a 978-84-493-3139-8 | ||
| 040 | |c Pontificia Universidad Católica de Valparaíso | ||
| 082 | 7 | |a 616.8914 MIL 2015 |2 22 | |
| 100 | 1 | |a Miller, William R |e autor |9 869652 | |
| 245 | |a La entrevista motivacional. |b Ayudar a las personas a cambiar. | ||
| 250 | |a 3a.edición. | ||
| 260 | |a Barcelona, España: |b Paidós, |c 2015. | ||
| 300 | |a 637 páginas | ||
| 490 | |a Paidós Psicología Psiquiatría Psicoterapia | ||
| 500 | |a c.1. Comodato-SENDA | ||
| 583 | |c 20220524 |k Cristina María Rojas Aguilar | ||
| 650 | |a Terapia conductual |9 869666 | ||
| 650 | |a Psicoterapia |9 869667 | ||
| 650 | |a Psiquiatría |x Entrevistas |9 869668 | ||
| 700 | |a Rollnick, Stephen |e autor |9 869653 | ||
| 700 | |a Asensio Fernández, Montserrat |e traducción |9 869669 | ||
| 942 | |2 ddc |c BK | ||
| 952 | |0 0 |1 0 |2 ddc |4 0 |6 616_891400000000000_MIL_2015 |7 0 |8 C_SENDA |9 583214 |a BIBEDU |b BIBEDU |c ES_NOD |d 2022-05-24 |e Comodato-SENDA |i 5651350 |l 2 |m 1 |o 616.8914 MIL 2015 |p 5651350 |r 2023-06-20 |s 2023-06-08 |t 1 |w 2022-05-24 |x 07300005101 |y BK |k BME | ||